000 00242 a2200109 4500
001 125148
040 _cEscola Canadense de Niteroi
090 _aS2
100 _aDisney
245 1 0 _aO Corcunda De Notre Dame - Os Sons Da Cidade
942 _cBK
999 _c125148
_d125148